Online Catalogue and eLibrary

Nuthana sinhala sahithyaya (Record no. 4894)

MARC details
000 -LEADER
fixed length control field 00376nam a2200145Ia 4500
005 - DATE AND TIME OF LATEST TRANSACTION
control field 20250430052601.0
008 - FIXED-LENGTH DATA ELEMENTS--GENERAL INFORMATION
fixed length control field 240331s9999 xx 000 0 und d
082 ## - DDC Classification
Item Number - Author Mark WIC
Class No. 891
100 ## - MAIN ENTRY--PERSONAL NAME
Personal name Wickramasinghe,K.D.P
245 #0 - TITLE STATEMENT
Title Nuthana sinhala sahithyaya
260 ## - PUBLICATION, DISTRIBUTION, ETC.
Place of publication, distribution, etc. Colombo
Name of publisher, distributor, etc. M.d.Gunasena & Co
Date of publication, distribution, etc. 1965
300 ## - PHYSICAL DESCRIPTION
Extent (e.g. Volumes, Pages etc.) 575 p .,
650 ## - SUBJECT ADDED ENTRY--TOPICAL TERM
Topical term or geographic name entry element Modern Sinhalese literature
942 ## - Koha item type (Biblio)
Koha item type Books in Stacks (Lending)
Holdings
Lost status Damaged status Collection code Home library Current library Shelving location Date acquired Full call number Accession Number Item type
    Lending WERC Library WERC Library Social Science Cupboard 03/31/2024 891.48 WIC 884 Books in Stacks (Lending)

© WERC Library